000 00458nam a2200181 i 4500
001 bg
100 1 _aALBERTOWA, Zofia
245 0 _aO sztuce Japonii /
_cZofia Albertowa.
260 _aWarszawa :
_b"Wiedza Powszechna",
_c1983.
650 9 _aSztuka japoĊ„ska
_xhistoria
020 _a8321401783
040 _cBPK
041 _apol
080 _a7.03(091)(084.11)
920 _a83-214-0178-3
942 _cKS
008 s pl f |000 0 pol
999 _c22005
_d22005
856 _uhttp://koha.tu.koszalin.pl/cgi-bin/koha/opac-detail.pl?biblionumber=22005
_yKatalog online BPK